00313pab a2200121 454500008004000000100001600040245004800056260000900104300001000113362000900123650002700132773003200159180718b1987 xxu||||| |||| 00| 0 eng d aAbrol, Anam aUniform civil code - problems and prospects c1987 a170-9 aJune aMohammedan Law - India aCochin Univerity Law Review